000 00482nam a2200157 i 4500
001 bg
245 0 _aKierunki i możliwości stosowania popiołów lotnych w Polsce :
_bpraca zbiorowa /
_cInstytut Techniki Budowlanej.
260 _aWarszawa,
_c1977
_aITB.
650 9 _aPopiół lotny
_xstosowanie
_zPolska
710 _aInstytut Techniki Budowlanej
040 _cBPK
041 _apol
080 _a666.9:662.6/.7(438)
942 _cKS
008 s pl f |000 0 pol
999 _c17586
_d17586
856 _uhttp://koha.tu.koszalin.pl/cgi-bin/koha/opac-detail.pl?biblionumber=17586
_yKatalog online BPK